00653nam a2200229 a 450000100060000000300080000600500170001400800410003102000150007203500190008704000420010604100080014808200220015610000210017824500320019925000110023126000550024230000340029749000380033150400410036965000130041072883BD-RjUL20211209082323.0170524s1974 maua b 001 0 eng  a0201037092 a(BD-RjUL)73101 aDLCcIANdOCLdIXAdEQOdBD-RjULbeng aeng 223a570bKIB 19741 aKimball, John W.10aBiology /cJohn W. Kimball. a3d ed. aReading, Mass. :bAddison-Wesley Pub. Co.,cc1974. axii, 898 p. :bill. ;c25 cm.0 aAddison-Wesley series in biology. aIncludes bibliographical references. 0aBiology.